00414pab a2200145 454500008004000000100002500040245009700065260000900162300001300171362000800184650001000192700001600202700001800218773003200236180718b2007 xxu||||| |||| 00| 0 eng d aKishtwaria, Jatinder aFactors influencing economic role of `Gaddi' tribal women through market and non-market work c2007 ap.93-97. aJul aWomen aRama, Aruna aOgale, Nalini aIndian Journal of Economics